|
|
|
|
| LEADER |
01328nam a22003857a 4500 |
| 001 |
30202 |
| 003 |
BD-DhAAL |
| 005 |
20151029162419.0 |
| 008 |
151021s1998 bg a|||| |b|| 00| 0 eng d |
| 040 |
|
|
|a BD-DhAAL
|c BD-DhAAL
|
| 082 |
|
|
|2 22
|a 307.1412095492
|
| 999 |
|
|
|c 35956
|d 35956
|
| 999 |
|
|
|c 35956
|
| 999 |
|
|
|c 35930
|
| 999 |
|
|
|c 35917
|
| 999 |
|
|
|c 35910
|
| 999 |
|
|
|c 35910 | 35909 | 35869 | 35868 | 35864 | 35863
|
| 999 |
|
|
|c 35909
|
| 999 |
|
|
|c 35869
|
| 999 |
|
|
|c 35868
|
| 999 |
|
|
|c 35864
|
| 999 |
|
|
|c 35863
|
| 100 |
|
|
|9 15609
|a Ahmed, Syed Masud
|
| 245 |
|
|
|a Two studies on health care-seeking behavior and household sanitation practice of BRAC member and non-member households in Matlab, Bangladesh :
|b working paper no. 22 /
|c Syed Masud Ahmed
|
| 260 |
|
|
|a Dhaka :
|b BRAC-ICDDR,B joint research project, BRAC,
|c 1998
|
| 300 |
|
|
|a 21 p. :
|b ill. ;
|c 28 cm.
|
| 541 |
|
|
|e 30202
|
| 610 |
|
|
|a BRAC
|9 15610
|
| 650 |
|
|
|a Rural Development
|z Bangladesh
|9 15611
|
| 700 |
|
|
|a Chowdhury, Mushtaque
|9 15732
|
| 700 |
|
|
|a Bhuiya, Abbas
|9 15733
|
| 710 |
|
|
|a BRAC
|9 15610
|
| 852 |
|
|
|a Ayesha Abed Library
|c BRAC Resource Section
|
| 942 |
|
|
|2 ddc
|c BK
|
| 952 |
|
|
|0 0
|1 0
|2 ddc
|4 0
|6 307_141209549200000_AHM
|7 0
|9 56504
|a BRACUL
|b BRACUL
|c BRS
|d 2015-10-29
|e BRAC
|l 0
|o 307.1412095492 AHM
|p 3010030202
|r 2015-10-29
|t 1
|w 2015-10-29
|y BK
|